000 00297nam a22001337a 4500
008 170821b xxu||||| |||| 00| 0 eng d
020 _a9780538736626
041 _aeng
080 _29TH
_a51
100 _a37
101 _aMAT
245 _aINTERMEDIATE ALGEBRA
_cGUSTAFSON,R.D
942 _2udc
_cBK
999 _c24228
_d24228